Statistics for Mario Kart 7 Characters

Click here to take the quiz!

General Stats

  • This quiz has been taken 238 times
  • The average score is 14 of 17

Answer Stats

HintAnswer% Correct
Mario's BrotherLuigi
99%
PlumberMario
97%
Princess ToadstoolPeach
96%
One of Peach's loyal servantsToad
94%
Peach's CousinDaisy
94%
DKDonkey Kong
94%
King KoopaBowser
93%
Mario's counterpartWario
88%
Most popular Bowser minion behind GoombaKoopa Troopa
79%
Avatar originating from the WiiMii
78%
First appeared in 'Super Mario Galaxy'Rosalina
77%
Third of Bowser's most hated heroes (1st- Mario, 2nd- Luigi)Yoshi
75%
Flies around on a cloudLakitu
74%
CaterpillarWiggler
74%
Wears a mask and a red suitShy Guy
72%
Queen of the beesHoney Queen
57%
Boss in Super Smash Bros Melee Classic ModeMetal Mario
52%

Score Distribution

Percentile by Number Answered

Percent of People with Each Score

Your Score History

You have not taken this quiz